Times por Escudo - Brasileirão Serie B 2025 - Statistics

Estatísticas Gerais
  • Esse quiz foi jogado 190 vezes
  • A pontuação média é 17 de 20
Estatísticas das Respostas
Imagem Resposta % Correto
Coritiba
93%
Criciúma
93%
Goiás
93%
Avaí
92%
Cuiabá
92%
Chapecoense
91%
Paysandu
89%
América MG
87%
Athletico PR
87%
CRB
87%
Vila Nova
85%
Operário PR
84%
Amazonas
83%
Botafogo SP
83%
Atlético GO
82%
Volta Redonda
82%
Ferroviária
78%
Remo
76%
Novorizontino
72%
Athletic
64%
Nenhum quiz correspondente encontrado
Distribuição das Pontuações
Porcentagem de Pessoas com Cada Pontuação
Percentil de Números Respondidos
Sua Pontuação Histórica
Você não jogou esse quiz